000 002500000a22000970004500
100 1 _aHill, Jo
245 1 0 _aMum's the word : Back to Tajikistan -featured last christmas
300 _aNum. 21 (2002), Páginas 22-23
773 0 _tTeartimes
942 _cANA
999 _c56008
_d56008